000 00373 a2200169 4500
001 68641
020 _a851603938
040 _cAnchieta - Itaigara
100 _aBandeira, Pedro
240 1 0 _aPor enquanto sou pequeno
_lpor
245 1 0 _aPor enquanto sou pequeno
300 _a31
362 0 _a2002
440 1 _aModerna
650 4 _aLiteratura infantil
942 _cBK
999 _c68641
_d68641